000
00268cam a22000977a 4500
008
180718b1963 xxu||||| |||| 00| 0 eng d
082
_a
L8x42 Un3r
245
_a
Reform of the exchequer accounts
260
_a
London
_b
Her Majesty's Stationery Office
_c
1963
300
_a
22p.
999
_c
500628
_d
500628